| 000 | 01456nam a2200433 i 4500 | ||
|---|---|---|---|
| 001 | 36875 | ||
| 003 | KOSZ 005 | ||
| 005 | 20220429132531.0 | ||
| 008 | 001010s1997 pl f |000 0 pol d | ||
| 020 | _a8387216062 | ||
| 040 |
_cKOSZ 005 _aKOSZ 005 _dKOSZ 005/HR |
||
| 041 | 1 |
_apol _heng |
|
| 046 | _k1996 | ||
| 080 | _a004.056 | ||
| 080 | _a004.451 | ||
| 080 | _a004.7 | ||
| 080 | _a(07) | ||
| 100 | 1 |
_aGarfinkel, Simson _eAutor |
|
| 245 | 1 | 0 |
_aBezpieczeństwo w Unixie i Internecie / _cSimson Garfinkel i Gene Spafford. |
| 246 |
_iTyt. oryg.: _aPractical Unix and Internet Security |
||
| 260 |
_aWarszawa : _bWydaw. RM : _bO'Reilly and Associates, _c1997. |
||
| 300 |
_aXXXIV, 926 s. : _brys. ; _c24 cm. |
||
| 380 | _aKsiążki | ||
| 388 | _a1901-2000 | ||
| 388 | _a1989-2000 | ||
| 490 | 1 | _aBezpieczeństwo Systemów Komputerowych | |
| 500 | _aOryg. : "Practical Unix and Internet Security". | ||
| 504 | _aBibliogr. s. 851-865. - Indeks. | ||
| 650 | 7 | _aInternet | |
| 650 | 7 | _aUNIX | |
| 650 | 7 | _aBezpieczeństwo teleinformatyczne | |
| 655 | _aPodręcznik | ||
| 658 | _aInformatyka i technologie informacyjne | ||
| 700 | 1 |
_aSpafford, Gene _eAutor |
|
| 700 | 1 |
_aKresak, Piotr _eTłumaczenie |
|
| 830 | _aBezpieczeństwo Systemów Komputerowych | ||
| 856 |
_uhttp://koha.tu.koszalin.pl/cgi-bin/koha/opac-detail.pl?biblionumber=36875 _yKatalog online BPK |
||
| 942 |
_cKS _2UKD |
||
| 999 |
_c36875 _d36875 |
||